Statistics for Hearthstone- Best Rated Cards

Click here to take the quiz!

General Stats

  • This quiz has been taken 5 times
  • The average score is 5 of 107

Answer Stats

RatingClassSetCard% Correct
4.7NeutrakGvGDr. Boom
80%
4.8NeutralClassicRagnaros the Firelord
60%
4.8WarlockWWLord Godfrey
40%
4.8HunterBasicAnimal Companion
20%
4.8NeutralLoEBrann Bronzebeard
20%
4.8WarlockKoFTDefile
20%
4.8NeutralBMEmperor Thaurissan
20%
4.7MageBasicFireball
20%
4.7ShamanWotOGFlamewreathed Faceless
20%
4.7MageHoFIce Block
20%
4.7KabalMSoGKazakus
20%
4.7MageDoDMalygos, Aspect of Magic
20%
4.7NeutralLoEReno Jackson
20%
4.7DruidBasicSwipe
20%
4.8NeutralHoFSylvanas Windrunner
20%
4.8NeutralKoFTThe Lich King
20%
4.8PaladinClassicTirion Fordring
20%
4.7ShamanTGTTotem Golem
20%
4.7DruidSoUAnubisath Defender
0%
4.7MageDoDArcane Breath
0%
4.7MageClassicArchmage Antonidas
0%
4.7NeutralHoFAzure Drake
0%
4.7NeutralJtUGBlazecaller
0%
4.7WarriorClassicBrawl
0%
4.8DruidDoDBreath of Dreams
0%
4.7PaladinBasicConsecration
0%
4.8WarlockDoDCrazed Netherwing
0%
4.7ShamanDoDCumulo-Maximus
0%
4.7DruidWotOGDark Arrakoa
0%
4.7WarlockLoEDark Peddler
0%
4.7WarriorTCoNDeath's Bite
0%
4.7WarlockKoFTDespicable Dreadlord
0%
4.7PriestDoDDisciple of Galakrond
0%
4.7NeutralClassicDoomsayer
0%
4.8MageDoDDragoncaster
0%
4.8PriestMSoGDragonfire Potion
0%
4.8NeutralDoDDragonmaw Poacher
0%
4.84.8PriestMSoGDraknoid Operative
0%
4.8PriestKaCDuskbreaker
0%
4.7HunterDoDDwarven Sharpshooter
0%
4.7ShamanSoUEarthquake
0%
4.7RogueClassicEdwin VanCleef
0%
4.7ShamanBPElectra Stormsurge
0%
4.7DruidDoDEmerald Explorer
0%
4.7PriestLoEEntomb
0%
4.7ShamanWotOGEternal Sentinel
0%
4.7WarlockSoUEVIL Recruiter
0%
4.7ShamanWotOGEvolve
0%
4.8NeutralDoDFaceless Corruptor
0%
4.7MageWotOGFaceless Summoner
0%
4.7RogueKaCFal'dorei Strider
0%
4.7DruidWotOGFandral Staghelm
0%
4.7MageBMFlamewaker
0%
4.7DruidBPFlobbidinous Floop
0%
4.8NeutralDoDFrizz Kindleroost
0%
4.7RogueDoDGalakrond the Nightmare
0%
4.7WattiorDoDGalakrond the Unbreakable
0%
4.7WarlockKaCHooked Reaver
0%
4.8HunterSoUHyena Alpha
0%
4.7WarlockBMImp Gang Boss
0%
4.7DruidMSoGJade Idol
0%
4.7HunterJtUGJeweled Macaw
0%
4.7NeutralTGTJusticar Trueheart
0%
4.7PriestMSoGKabal Talonpriest
0%
4.7MageRoSKalecgos
0%
4.7PaladinLoEKeeper of Uldaman
0%
4.8WarlockKaCKobold Librarian
0%
4.9NeutralDoDKronx Dragonhoof
0%
4.7RogueBPLab Recruiter
0%
4.7MageKaCLeyline Manipulator
0%
4.8ShamanDoDLightning Breath
0%
4.7ShamanClassicLightning Storm
0%
4.7NeutralTCoNLoatheb
0%
4.7WarlockGvGMal'Ganis
0%
4.8ShamanWotOGMaster of Evolution
0%
4.7DruidONiKMenagerie Warden
0%
4.7PaldinGvGMuster for Battle
0%
4.7PaladinTGTMysterious Challenger
0%
4.8WarlockDoDNether Breath
0%
4.8PriestBasicNorthshire Cleric
0%
4.7DruidSoUOasis Surger
0%
4.8WarriorBPOmega Assembly
0%
4.7NeutralDoDParachute Brigand
0%
4.7NeutralGvGPiloted Shredder
0%
4.7RogueClassicPreparation
0%
4.8MageJtUGPrimordial Glyph
0%
4.7HutnerMSoGRat Pack
0%
4.8PaladinKoFTRighteous Protector
0%
4.7HunterClassicSavannah Highmane
0%
4.7WarriorDoDScion of Ruin
0%
4.7PaladinGvGShielded Minibot
0%
4.7ShamanWWShudderwock
0%
4.7RogueClassicSI:7 Agent
0%
4.7NeutralSoUSiamat
0%
4.8WarriorDoDSky Raider
0%
4.7NeutralTCoNSludge Belcher
0%
4.7NeutralBPSN1P-SN4P
0%
4.7MageClassicSorcerer's Apprentice
0%
4.7ShamanDoDSquallhunter
0%
4.7ShamanWotOGThing From Below
0%
4.7WarriorWWTown Crier
0%
4.7PriestKaCTwilight Acolyte
0%
4.8ShamanRoSUnderbelly Angler
0%
4.7ShamanKaCUnstable Evolution
0%
4.7ShamanRoSWalking Fountain
0%
4.7HutnerWWWing Blast
0%
4.8NeutralSoUZephyrs the Great
0%

Score Distribution

Percentile by Number Answered

Percent of People with Each Score

Your Score History

You have not taken this quiz